QUEST Central Library Banner

Teaching English Through English: a course in classroom language and techniques (Record no. 3210)

MARC details
000 -LEADER
fixed length control field 00673nam a2200217 a 4500
003 - CONTROL NUMBER IDENTIFIER
control field PK-NaQUE
005 - DATE AND TIME OF LATEST TRANSACTION
control field 20250508123148.0
008 - FIXED-LENGTH DATA ELEMENTS--GENERAL INFORMATION
fixed length control field 250508b ||||| |||| 00| 0 eng d
020 ## - INTERNATIONAL STANDARD BOOK NUMBER
International Standard Book Number 0582020085 (Paperback)
020 ## - INTERNATIONAL STANDARD BOOK NUMBER
International Standard Book Number 9780582020085 (Paperback)
040 ## - CATALOGING SOURCE
Transcribing agency QUEST
082 ## - DEWEY DECIMAL CLASSIFICATION NUMBER
Classification number 428.2407Will
100 1# - MAIN ENTRY--PERSONAL NAME
Personal name Willis, Jane
245 10 - TITLE STATEMENT
Title Teaching English Through English: a course in classroom language and techniques
260 ## - PUBLICATION, DISTRIBUTION, ETC. (IMPRINT)
Place of publication, distribution, etc England
Name of publisher, distributor, etc Longman,
Date of publication, distribution, etc 1981.
300 ## - PHYSICAL DESCRIPTION
Extent xvi,191p.
490 1# - SERIES STATEMENT
Series statement Elbs.
650 ## - SUBJECT ADDED ENTRY--TOPICAL TERM
Topical term or geographic name as entry element English language--Study and Teaching--Foreign Speakers
856 40 - ELECTRONIC LOCATION AND ACCESS
Uniform Resource Identifier <a href="http://10.10.170.122:8080/browse/book/27252">http://10.10.170.122:8080/browse/book/27252</a>
Link text Download eBook
942 ## - ADDED ENTRY ELEMENTS (KOHA)
Koha item type Books
Source of classification or shelving scheme Dewey Decimal Classification
Holdings
Withdrawn status Lost status Damaged status Not for loan Home library Current library Date acquired Total Checkouts Full call number Barcode Date last seen Price effective from Koha item type Collection code
        Central Library, QUEST, Nawabshah Central Library, QUEST, Nawabshah 15/05/2014   428WIL 13725 15/05/2014 15/05/2014 Books  
        Reference Section Reference Section 15/05/2014   428.2407WIL (Shelf - 25D) 13726 15/05/2014   Books Reference

Copyright © 2018,The QUEST, Nawabshah, Shaheed Benazirabad. All rights reserved
Mr. G. Farooq Channar (Librarian) QUEST, Nawabshah, Sindh, Pakistan 67480.
 Ph#: |   0244-9370381-4 Ext. 2308   Email| lib@quest.edu.pk   Web|  http://www.quest.edu.pk